Transmission of exchange rate shocks into domestic inflation: the case of the Czech Republic
Na minha lista:
| Autor principal: | |
|---|---|
| Formato: | Capítulo de Livro |
| Idioma: | inglês |
| Assuntos: | |
| Tags: |
Sem tags, seja o primeiro a adicionar uma tag!
|
MARC
| LEADER | 00000naa$a2200000$$$4500 | ||
|---|---|---|---|
| 001 | 0100121 | ||
| 005 | 20231010115213.7 | ||
| 041 | 0 | |a eng | |
| 044 | |a CZ | ||
| 245 | 1 | 0 | |a Transmission of exchange rate shocks into domestic inflation: the case of the Czech Republic |c Oxana Babecká - Kucharčuková |
| 610 | 2 | 0 | |a kurz výmenný |
| 610 | 2 | 0 | |a inflácia |
| 610 | 2 | 0 | |a Česko |
| 100 | 1 | |a Babecká - Kucharčuková, Oxana | |